| 000 | 01302nam a22002297a 4500 | ||
|---|---|---|---|
| 999 |
_c58035 _d58035 |
||
| 003 | Ge_BSU | ||
| 005 | 20210518143440.0 | ||
| 008 | 210518s2013 ge ||||| |||| 00| 0 geo d | ||
| 020 | _a9789941179778 | ||
| 041 | _ageo | ||
| 080 | _a621.3.014.31(076.5) ჯ-21 | ||
| 100 |
_aჯანელიძე, ოთარ. _91743 |
||
| 245 |
_aლაბორატორიული სამუშაოები მიკრო-ელექტრონულ წრედებში : _b(ნაწ. 1) / _cოთარ ჯანელიძე ; რედ. ნუგზარ ჭედია ; ბათუმის შოთა რუსთაველის სახელმწ. უნ-ტი. |
||
| 264 |
_aბათუმი : _bუნივერსალი, _c2013. |
||
| 300 |
_a95 გვ.; _b20 სმ. |
||
| 504 | _aბიბლიოგრ. გვ. 94 | ||
| 653 | _aმიკრო-ელექტრონული წრედები | ||
| 653 | _aლაბორატორიული სამუშაოები | ||
| 700 |
_aჭედია, ნუგზარ _eრედაქტოირი _96249 |
||
| 710 |
_aბათუმის შოთა რუსთაველის სახელმწიფო უნივერსიტეტი. _911825 |
||
| 942 |
_2udc _cBK |
||